000 00627nam a2200229Ia 4500
003 OSt
005 20220923230634.0
006 a|||||r|||| 00| 0
007 ta
008 220922b |||||||| |||| 00| 0 pan d
024 _a286,374
037 _cTextual
040 _aARTS
_cARTS
_bpan
041 _2pan
_apan
082 _aY1(R), 153L9
100 _aਸਿੰਘ, ਜਗਦੀਸ
245 0 _aਖ਼ਲFਫਾ ਤੇ ਸਮਾਜ Fਾਸਤਰ
260 _c1979
650 _aਸਮਾਜ Fਾਸਤਰ
942 _hY1(R), 153L9
_cTEXL
_2CC
999 _c386204
_d386204